Communion and otherness : (Record no. 8496)

MARC details
000 -LEADER
fixed length control field 00713nam a22002177a 4500
003 - CONTROL NUMBER IDENTIFIER
control field GBCCL
005 - DATE AND TIME OF LATEST TRANSACTION
control field 20241126110652.0
008 - FIXED-LENGTH DATA ELEMENTS--GENERAL INFORMATION
fixed length control field 210302b ||||| |||| 00| 0 eng d
020 ## - INTERNATIONAL STANDARD BOOK NUMBER
International Standard Book Number 0567031489 (pbk.)
020 ## - INTERNATIONAL STANDARD BOOK NUMBER
International Standard Book Number 0567031470 (hardback)
040 ## - CATALOGING SOURCE
Transcribing agency GBC
082 ## - DEWEY DECIMAL CLASSIFICATION NUMBER
Classification number 230.19
Item number ZIZ
100 ## - MAIN ENTRY--PERSONAL NAME
Personal name Zizioulas, Jean,
Dates associated with a name 1931-
9 (RLIN) 14916
245 ## - TITLE STATEMENT
Title Communion and otherness :
Remainder of title further studies in personhood and the church /
Statement of responsibility, etc. John D. Zizioulas ; edited by Paul McPartlan.
300 ## - PHYSICAL DESCRIPTION
Extent xiv, 315 p. ;
Other physical details 22 cm.
650 ## - SUBJECT ADDED ENTRY--TOPICAL TERM
Topical term or geographic name entry element Orthodox Eastern Church
Form subdivision Doctrines.
9 (RLIN) 14917
650 ## - SUBJECT ADDED ENTRY--TOPICAL TERM
Topical term or geographic name entry element Theological anthropology
Form subdivision Christianity.
9 (RLIN) 14918
650 ## - SUBJECT ADDED ENTRY--TOPICAL TERM
Topical term or geographic name entry element Church.
9 (RLIN) 263
700 ## - ADDED ENTRY--PERSONAL NAME
Personal name McPartlan, Paul.
9 (RLIN) 14919
942 ## - ADDED ENTRY ELEMENTS (KOHA)
Source of classification or shelving scheme Dewey Decimal Classification
Koha item type Books
Koha issues (borrowed), all copies 1
Holdings
Withdrawn status Lost status Source of classification or shelving scheme Damaged status Not for loan Home library Current Library Shelving location Date acquired Total checkouts Full call number Barcode Date last seen Date last checked out Copy number Price effective from Koha item type
    Dewey Decimal Classification     GRACE BIBLE COLLEGE GRACE BIBLE COLLEGE Theology 2021-03-02 1 230.19 ZIZ 020132 2025-05-01 2023-09-25 c.1 2021-03-02 Books
© Grace Bible College Library 2025